000 01820nam0a22003371 4500
001 rc\4095523
005 20130415162540.3
021 _aRU
_b[54-48469]
035 _a(NLR Aleph) 008135608
090 _a9451764
_c9451764
100 _a20130415d1954 |||y0rusy50 ca
101 0 _arus
102 _aRU
105 _aa z |||||
200 1 _aРазвитие теоретических основ теплотехники
_eДля обсуждения
_fМоск. ордена Ленина энергет. ин-т им. В.М. Молотова
210 _aМосква
_aЛенинград
_cГосэнергоиздат
_d1954
215 _a48 с.
_cил.
_d26
225 1 _aОчерки по истории энергетической техники СССР
_fРед. комис.: д-р техн. наук Л.Д. Белькинд..., канд. техн. наук В.А. Голубцова (пред.) [и др.]
_vВып. 10
300 _aПеред загл. авт.: канд. техн. наук Д.Д. Калафати, канд. техн. наук Б.С. Петухов
320 _aБиблиогр. в конце статей
327 1 _aСодерж.: Техническая термодинамика / Д.Д. Калафати. Теплообмен / Б.С. Петухов
464 0 _12001#$aТеплообмен
_1700#1$aПетухов$bБ.С.
464 0 _12001#$aТехническая термодинамика
_1700#1$aКалафати$bД.Д.
606 _aТеплотехника в СССР
_xИстория
_2psbo
700 1 _aКалафати
_bД. Д.
_gДмитрий Дмитриевич
701 1 _aПетухов
_bБ. С.
_gБорис Сергеевич
801 0 _aRU
_bNLR
_gpsbo
801 1 _aRU
_bELAR
_2rusmarc
852 _aNLR
_jТ14 Г-8/440-10
942 _cBOOK
980 _aNB